Αυτοεκτίμηση, σχολική επίδοση και προσαρμογή μαθητών λυκείου : πτυχιακή εργασία

Αποθηκεύτηκε σε:
Λεπτομέρειες βιβλιογραφικής εγγραφής
Κύριος συγγραφέας: Μανωλάκη, Βενετία
Συγγραφή απο Οργανισμό/Αρχή: Πανεπιστήμιο Αιγαίου Σχολή Κοινωνικών Επιστημών Τμήμα Κοινωνιολογίας
Άλλοι συγγραφείς: Παπάνης, Ευστράτιος Π., 1969- (Εισηγητής διατριβής)
Μορφή: Thesis Βιβλίο
Γλώσσα:Greek
Δημοσίευση: Μυτιλήνη : Πανεπιστήμιο Αιγαίου, Τμήμα Κοινωνιολογίας, 2004
Θέματα:
Διαθέσιμο Online:http://hdl.handle.net/11610/7891
Ετικέτες: Προσθήκη ετικέτας
Δεν υπάρχουν, Καταχωρήστε ετικέτα πρώτοι!

MARC

LEADER 00000cam a2200000 i 4500
001 1/84365
008 050830s2004 gre d
035 |l 10080003 
040 |a GR-MY-UA  |b gre  |e aacr 
041 0 |a gre 
082 0 |a 371.26  |2 (22) 
100 1 |a Μανωλάκη, Βενετία. 
245 1 0 |a Αυτοεκτίμηση, σχολική επίδοση και προσαρμογή μαθητών λυκείου :   |b πτυχιακή εργασία /  |c Μανωλάκη Βενετία ; υπεύθυνος καθηγητής Παπάνης Ευστράτιος 
260 |a Μυτιλήνη :   |b Πανεπιστήμιο Αιγαίου, Τμήμα Κοινωνιολογίας,   |c 2004 
300 |a 103 σ., πολλαπλή αριθμ.;  |b πιν., διαγρ.;  |c 30 εκ. 
502 # # |a Πτυχιακή εργασία – Πανεπιστήμιο Αιγαίου, Λέσβος, 2004. 
504 |a Βιβλιογραφία: σ. 94-103 
650 0 0 |a School psychology. 
650 0 0 |a Students  |x Psychology. 
650 0 0 |a Students  |x Rating of. 
650 0 0 |a Students  |x Self-rating of. 
650 0 0 |a Dissertations, Academic  |z Greece. 
700 1 |4 ths  |a Παπάνης, Ευστράτιος Π.,   |d 1969- 
710 2 |a Πανεπιστήμιο Αιγαίου  |b Σχολή Κοινωνικών Επιστημών  |b Τμήμα Κοινωνιολογίας. 
852 |a INST  |b LESVOS  |c DIATR  |e 20050830  |h 67  |p 005100031182  |q 005100031182  |t DIE  |y 23 
852 |a INST  |b LESVOS  |c DIATR  |e 20050830  |h 68  |p 005100031181  |q 005100031181  |t DIE  |y 23 
856 |u http://hdl.handle.net/11610/7891 
901 |a BIBL1-2005-2 
909 |a Λ  |b 108067 
909 |a Λ  |b 108068 
924 |a ΜΑΝΩΛΑΚΗ  |b ΒΕΝΕΤΙΑ  |y ΛΕΣΒΟΣ  |z 2004-03 
970 |a ΜΑΡΙΝΑΤΟΥ  |b ΜΥΡΣΙΝΗ  |z 2005/08/30